[Event "Blagoevgrad op"]
[Site "Blagoevgrad"]
[Date "2013.10.01"]
[Round "5"]
[White "Lagopatis, Nikolaos"]
[Black "Galunov, Giorgi"]
[Result "1-0"]
[WhiteElo "2161"]
[BlackElo "1863"]
[PlyCount "85"]
[EventDate "2013.09.28"]
[EventType "swiss"]
[EventRounds "9"]
[EventCountry "BUL"]
[SourceTitle "CBM 156 Extra"]
[Source "ChessBase"]
[SourceDate "2013.10.22"]
[SourceVersion "1"]
[SourceVersionDate "2013.10.22"]
[SourceQuality "1"]

1. e4 e5 2. Nf3 Nc6 3. c3 Nf6 4. d3 Bc5 5. Be2 0-0 6. 0-0 d6 7. b4 Bb6 8. a4 a6 9. Nbd2 Ne7 10. Nc4 Ba7 11. Be3 Ng6 12. Bxa7 Rxa7 13. g3 b6 14. Re1 Re8 15. Bf1 Bb7 16. Bg2 c5 17. bxc5 bxc5 18. Rb1 Qc7 19. Nfd2 d5 20. exd5 Bxd5 21. Bxd5 Nxd5 22. Qc2 Qd7 23. Nb6 Nxb6 24. Rxb6 Rd8 25. Nc4 Qf5 26. Re3 h5 27. Qe2 f6 28. Nd6 Qg4 29. Qc2 Nf4 30. Ne4 Nd5 31. Qb3 Kh8 32. f3 Qg6 33. Rb8 Qe8 34. Rxd8 Qxd8 35. Re1 Rc7 36. Rb1 Ne3 37. Qb8 Rc8 38. Qd6 Qa5 39. Kf2 Nc2 40. Rb7 Qd8 41. Rd7 Qe8 42. Nxf6 Qg6 43. Rd8+ 1-0

[Event "Blagoevgrad op"]
[Site "Blagoevgrad"]
[Date "2013.09.29"]
[Round "2"]
[White "Galunov, Giorgi"]
[Black "Vasileva, Cveta"]
[Result "1/2-1/2"]
[WhiteElo "1863"]
[BlackElo "1564"]
[PlyCount "125"]
[EventDate "2013.09.28"]
[EventType "swiss"]
[EventRounds "9"]
[EventCountry "BUL"]
[SourceTitle "CBM 156 Extra"]
[Source "ChessBase"]
[SourceDate "2013.10.22"]
[SourceVersion "1"]
[SourceVersionDate "2013.10.22"]
[SourceQuality "1"]

1. e4 e6 2. d4 d5 3. exd5 exd5 4. Nf3 Nf6 5. Bd3 h6 6. 0-0 Be7 7. Re1 0-0 8. Nbd2 Bg4 9. h3 Be6 10. Nf1 Bd6 11. Ne3 c5 12. c4 Nbd7 13. cxd5 Nxd5 14. Nf5 Bxf5 15. Bxf5 N7f6 16. b3 cxd4 17. Qxd4 Bb4 18. Bd2 a5 19. Rad1 Bxd2 20. Rxd2 Qc7 21. Qc4 Qxc4 22. bxc4 Nb6 23. Rd4 Rad8 24. Red1 Rxd4 25. Rxd4 Na4 26. Ne5 Nc3 27. Rd2 g6 28. Bc2 Re8 29. f4 Kg7 30. c5 Re7 31. Bb3 Nce4 32. Rc2 g5 33. c6 bxc6 34. Nxc6 Rc7 35. fxg5 hxg5 36. Nxa5 Rxc2 37. Bxc2 Nc5 38. Nb3 Na6 39. a4 Nd5 40. Bd3 Nab4 41. Bc4 Nc3 42. a5 Na4 43. a6 Nb6 44. Bb5 Kf8 45. Nc5 Ke7 46. Kf2 f5 47. Ke3 Kd6 48. Nd3 Nc2+ 49. Kd2 Nd4 50. Be8 Ke7 51. Bh5 Kd6 52. Kc3 Nb5+ 53. Kb4 Nc7 54. a7 Nbd5+ 55. Kc4 Nb6+ 56. Kb4 Nbd5+ 57. Ka5 Ne3 58. Bf3 g4 59. a8Q Nxa8 60. Bxa8 gxh3 61. Nf4 hxg2 62. Nxg2 Nxg2 63. Bxg2 1/2-1/2

[Event "Blagoevgrad op"]
[Site "Blagoevgrad"]
[Date "2013.09.28"]
[Round "1"]
[White "Drenchev, Petar"]
[Black "Galunov, Giorgi"]
[Result "1-0"]
[WhiteElo "2488"]
[BlackElo "1863"]
[PlyCount "75"]
[EventDate "2013.09.28"]
[EventType "swiss"]
[EventRounds "9"]
[EventCountry "BUL"]
[SourceTitle "CBM 156 Extra"]
[Source "ChessBase"]
[SourceDate "2013.10.22"]
[SourceVersion "1"]
[SourceVersionDate "2013.10.22"]
[SourceQuality "1"]

1. c4 c6 2. e4 d5 3. cxd5 cxd5 4. exd5 Qxd5 5. Nc3 Qd8 6. Nf3 Nf6 7. d4 e6 8. Bd3 Be7 9. 0-0 0-0 10. Re1 Nc6 11. a3 a6 12. Bb1 b5 13. Bg5 Bb7 14. Qd3 g6 15. Ba2 b4 16. Na4 Nd5 17. Nc5 Bc8 18. Bh6 Re8 19. Rac1 Bf6 20. Bb3 bxa3 21. bxa3 Nb6 22. Red1 Qe7 23. Na4 Qb7 24. Qe4 Bd7 25. Nc5 Qc8 26. Nxd7 Qxd7 27. Qxc6 Qd8 28. Qc7 Rc8 29. Qxd8 Rexd8 30. Rxc8 Rxc8 31. Rc1 Rxc1+ 32. Bxc1 Kf8 33. a4 Ke7 34. a5 Nd5 35. Bxd5 exd5 36. Bg5 Bxg5 37. Nxg5 h6 38. Nf3 1-0

[Event "BUL-ch U20"]
[Site "Pleven"]
[Date "2004.02.09"]
[Round "8"]
[White "Galunov, Giorgi"]
[Black "Gigov, Mihail"]
[Result "0-1"]
[WhiteElo "1830"]
[BlackElo "2170"]
[PlyCount "72"]
[EventDate "2004.02.10"]
[EventType "swiss"]
[EventRounds "9"]
[EventCountry "BUL"]
[SourceTitle "EXT 2005"]
[Source "ChessBase"]
[SourceDate "2004.11.15"]
[SourceVersion "1"]
[SourceVersionDate "2004.11.15"]
[SourceQuality "1"]

1. e4 e5 2. Nf3 Nc6 3. Bc4 Nf6 4. Ng5 d5 5. exd5 Na5 6. Bb5+ c6 7. dxc6 bxc6 8. Be2 h6 9. Nf3 e4 10. Ne5 Bd6 11. f4 exf3 12. Nxf3 0-0 13. 0-0 Qc7 14. Nc3 Bg4 15. h3 Be6 16. d3 Nh5 17. Ne4 f5 18. Nxd6 Qxd6 19. Qe1 Nb7 20. Nh4 Ng3 21. Bf4 Qd4+ 22. Rf2 Nxe2+ 23. Qxe2 Rae8 24. Qe5 Qd7 25. Ng6 Rf6 26. Nh4 Qf7 27. Qc3 Bd7 28. Bd2 Nd6 29. a3 f4 30. Nf3 Qh5 31. Qd4 c5 32. Qc3 Bxh3 33. gxh3 Rg6+ 34. Rg2 Rxg2+ 35. Kxg2 Re2+ 36. Kg1 Qg6+ 0-1

[Event "BUL-ch U20"]
[Site "Pleven"]
[Date "2004.02.05"]
[Round "2"]
[White "Galunov, Giorgi"]
[Black "Markaryan, Garo"]
[Result "0-1"]
[WhiteElo "1830"]
[BlackElo "1925"]
[PlyCount "66"]
[EventDate "2004.02.10"]
[EventType "swiss"]
[EventRounds "9"]
[EventCountry "BUL"]
[SourceTitle "EXT 2005"]
[Source "ChessBase"]
[SourceDate "2004.11.15"]
[SourceVersion "1"]
[SourceVersionDate "2004.11.15"]
[SourceQuality "1"]

1. e4 e6 2. d4 d5 3. exd5 exd5 4. Nf3 Nf6 5. Bd3 Be7 6. 0-0 0-0 7. Re1 Bg4 8. h3 Bh5 9. Bf4 Re8 10. Nbd2 Nbd7 11. Nf1 c5 12. Be2 Qb6 13. g4 Bg6 14. b3 cxd4 15. Bd3 Bc5 16. Rxe8+ Rxe8 17. Bxg6 hxg6 18. Qd3 Ne4 19. N1d2 Nc3 20. Kg2 Ne2 21. Bh2 Nc3 22. Nb1 Ne4 23. Nbd2 Ndf6 24. Rd1 Nc3 25. Ra1 Nfe4 26. Be5 Nxd2 27. Qxd2 Ne4 28. Qd3 Ng5 29. Bxd4 Nxf3 30. Bxc5 Nh4+ 31. Kg3 Qxc5 32. Kxh4 Qxf2+ 33. Qg3 g5+ 0-1

[Event "BUL-ch U20"]
[Site "Pleven"]
[Date "2004.02.04"]
[Round "1"]
[White "Asenov, Anatoli"]
[Black "Galunov, Giorgi"]
[Result "1-0"]
[WhiteElo "2200"]
[BlackElo "1830"]
[PlyCount "51"]
[EventDate "2004.02.10"]
[EventType "swiss"]
[EventRounds "9"]
[EventCountry "BUL"]
[SourceTitle "EXT 2005"]
[Source "ChessBase"]
[SourceDate "2004.11.15"]
[SourceVersion "1"]
[SourceVersionDate "2004.11.15"]
[SourceQuality "1"]

1. d4 d5 2. Nf3 Nf6 3. c4 c6 4. Qc2 e6 5. e3 Bb4+ 6. Bd2 Bxd2+ 7. Nbxd2 0-0 8. Bd3 dxc4 9. Nxc4 Nbd7 10. b4 h6 11. 0-0 Nd5 12. Rfb1 N7b6 13. Na5 Nd7 14. Qb2 c5 15. dxc5 Nxc5 16. Bc4 Ne4 17. Rd1 Qf6 18. Qa3 Nb6 19. Bd3 Ng5 20. Nxg5 hxg5 21. Rac1 Qe7 22. e4 Rd8 23. e5 Nd5 24. Be4 Nxb4 25. Rxd8+ Qxd8 26. Qxb4 1-0